Biografías
Gorde:
| Formatua: | Liburua |
|---|---|
| Hizkuntza: | gaztelania |
| Argitaratua: |
Santiago
Cal y Canto
1996
|
| Gaiak: | |
| Etiketak: |
Etiketa erantsi
Etiketarik gabe, Izan zaitez lehena erregistro honi etiketa jartzen!
|
MARC
| LEADER | 00000nam a2200000 a 4500 | ||
|---|---|---|---|
| 001 | UCH7932 | ||
| 003 | CL-VaPUC | ||
| 005 | 20220322074129.0 | ||
| 008 | 091127e19960000CL |||||||||||||||||spa|d | ||
| 999 | |c 338236 |d 338234 | ||
| 020 | |a 9567602123 | ||
| 040 | |c Pontificia Universidad Católica de Valparaíso | ||
| 082 | 0 | 4 | |a 920 BIO 1996 |2 21 |
| 245 | 1 | 0 | |a Biografías |
| 260 | |a Santiago |b Cal y Canto |c 1996 | ||
| 300 | |a 110 páginas | ||
| 583 | |a last modification |c 20091127 00:00:00 |k Rodrigo Vera | ||
| 650 | 0 | |a Biografías |9 255210 | |
| 650 | 0 | |a Música |9 306269 | |
| 650 | 0 | |a Pintura |9 265046 | |
| 650 | 0 | |a Cine |9 225706 | |
| 650 | 0 | |a Literatura |9 259151 | |
| 650 | 0 | |a Filosofía |9 223554 | |
| 650 | 0 | |a Deportes |9 224367 | |
| 650 | 0 | |a Ciencia |9 255691 | |
| 650 | 7 | |a INVENTOS |2 CL-VaPUC |9 266077 | |
| 650 | 7 | |a EXPLORADORES |2 CL-VaPUC |9 314661 | |
| 650 | 7 | |a DESCUBRIDORES |2 CL-VaPUC |9 544305 | |
| 650 | 7 | |a CONQUISTADORES |2 CL-VaPUC |9 544306 | |
| 650 | 7 | |a FIGURAS PATRIOTICAS |2 CL-VaPUC |9 544307 | |
| 650 | 7 | |a REYES |2 CL-VaPUC |9 349627 | |
| 650 | 7 | |a GOBERNANTES |2 CL-VaPUC |9 375433 | |
| 942 | |c BK |2 ddc | ||
| 945 | |d 20091127 00:00:00 |a lazolas | ||